000 01105nam a22002057a 4500
003 JO-AjAnu
005 20250923090439.0
008 250922b jo ||||| |||| 00| 0 ara d
040 _aANU
_cJO-AjAnu
041 _hARA
100 _aرمانة، ريما محمد عبد الوهاب
_eمعد
_966653
245 _aالامتثال التنظيمي واثره في جودة حياة العمل في البنوك التجارية الأردنية =Organazitional Compliance and its Impact on Quality of Work Life at Jordanian Commercial Banks
_c / اعداد ريما محمد عبد الوهاب رمانة ؛ اشراف نضال فواز حسين القضاة
260 _c2025
300 _a83 ورقة
500 _aرسالة جامعية (رسالة ماجستير في إدارة الأعمال) كلية الأعمال / جامعة عجلون الوطنية؛ 2025
650 _vالبنوك التجارية
700 _aالقضاة، نضال فواز حسين
_964939
_eمشرف
700 _aالحياصات، وائل بشير
_eمشرف مشارك
_966654
942 _2lcc
_cTHS
_n0
999 _c33980
_d33980